| 000 | 00610nam a22001697a 4500 | ||
|---|---|---|---|
| 003 | OSt | ||
| 008 | 260702b |||||||| |||| 00| 0 eng d | ||
| 020 | _a9789358873306 | ||
| 082 |
_a658.5 _bG97I |
||
| 245 | _aIndustry 4.0: Data and Its Analysis in Business and Finance/edited by Rakhi Gupta , Divya Chowdhry | ||
| 260 |
_aNew Delhi : _bNew India Publishing Agency, _c2025. |
||
| 300 | _axi, 465 p. | ||
| 650 | _aTechnology (Applied Sciences) | Management and Auxiliary Services | Production Management | Operation Management | ||
| 700 | _aGupta, Rakhi | ||
| 700 | _aChowdhry , Divya | ||
| 942 |
_2ddc _cBK |
||
| 999 |
_c52580 _d52580 |
||